Envejecimiento y Expectativas de Apoyo en la Vejez: Historias de dos generaciones de mujeres rurales costarricenses/
Guardado en:
| Autor principal: | |
|---|---|
| Autores Corporativos: | , |
| Otros Autores: | |
| Formato: | Texto |
| Lenguaje: | Spanish |
| Publicado: |
San José: Costa Rica
CCP
2001
|
| Colección: | 07
|
| Materias: | |
| Etiquetas: |
Agregar Etiqueta
Sin Etiquetas, Sea el primero en etiquetar este registro!
|
MARC
| LEADER | 00000 a a2200000 04500 | ||
|---|---|---|---|
| 001 | 26150 | ||
| 003 | cru CRAIS/IIS | ||
| 005 | 20210824101750.0 | ||
| 008 | 210824b2001 |||||||| |||| 00| 0 spa d | ||
| 020 | |a 9977-15-096-6 | ||
| 040 | |c CRAIS/IIS |d CRAIS/IIS | ||
| 090 | |a 14.01.01 | ||
| 100 | |a Rosero Bixby, Luis | ||
| 110 | |a Universidad de Costa Rica. Centro Centroamericano de Población | ||
| 245 | |a Envejecimiento y Expectativas de Apoyo en la Vejez: Historias de dos generaciones de mujeres rurales costarricenses/ |c Universidad de Costa Rica. Centro Centroamericano de Población | ||
| 260 | |a San José: Costa Rica |b CCP |c 2001 | ||
| 300 | |a Páginas 141-153 |b **no definido** | ||
| 490 | |a 07 | ||
| 650 | |a FAMILIA | ||
| 650 | |a BIENESTAR DE LA FAMILIA | ||
| 650 | |a COMPOSICION FAMILIAR | ||
| 650 | |a ESTRUCTURA DE LA FAMILIA | ||
| 650 | |a PLANIFICACION FAMILIAR | ||
| 650 | |a POLITICA FAMILIAR | ||
| 650 | |a PRESUPUESTO FAMILIAR | ||
| 650 | |a POLITICA SOCIAL | ||
| 650 | |a PARTICIPACION SOCIAL | ||
| 650 | |a CAMBIO SOCIAL | ||
| 650 | |a ECONOMIA DEL BIENESTAR | ||
| 650 | |a ESTADISTICAS DEMOGRAFICAS | ||
| 650 | |a DATOS DEMOGRAFICOS | ||
| 700 | |a ed. | ||
| 710 | |a CCP | ||
| 942 | |2 ddc |c LI |h 14.01.01 |i 19512 |6 140101_19512 | ||
| 999 | |c 13529 |d 13529 | ||
| 773 | 0 | |0 788 |9 1491 |a Rosero Bixby, Luis |d San José: CCP |o 18293 |t Población del Istmo 2000: |w (cru CIDCACS/IIS)26148 |z 9977-15-096-6 | |
| 773 | 0 | |0 788 |9 1491 |a Rosero Bixby, Luis |d San José: CCP |o 18293 |t Población del Istmo 2000: |w (cru CIDCACS/IIS)26148 |z 9977-15-096-6 | |
| 773 | 0 | |0 788 |9 1491 |a Rosero Bixby, Luis |d San José: CCP |o 18293 |t Población del Istmo 2000: |w (cru CIDCACS/IIS)26148 |z 9977-15-096-6 | |



